| 000 | 00775nam a2200229 i 4500 | ||
|---|---|---|---|
| 001 | 153974 | ||
| 003 | ES-MaACL | ||
| 005 | 20250718062544.0 | ||
| 008 | 201021s1836 fr | |||||||| ||fre d | ||
| 100 | 0 |
_aDelcasso, Laurent. _943351 |
|
| 245 | 1 | 0 |
_aEntretiens sur la morale / _cpar L. Delcasso. |
| 260 |
_aParis : _bF.-G. Levrault, _c1836. |
||
| 300 |
_a146 p. ; _c14 cm. |
||
| 490 | 1 |
_aBibliothèque d'instruction populaire ; _v29 |
|
| 490 | 1 | _aMaître Pierre ou le Savant de village | |
| 650 | 7 |
_aÉtica _2embne _912577 |
|
| 740 | 0 | _aMaître Pierre ou le Savant de village. | |
| 830 | 0 |
_aBibliothèque d'instruction populaire ; _v29 _9221450 |
|
| 830 | 0 |
_aMaître Pierre ou le Savant de village _9187710 |
|
| 852 |
_aES-MaACL _jD-5201(1) |
||
| 999 |
_c153974 _d153974 |
||